| 000 | 00748nam a22002417i 4500 | ||
|---|---|---|---|
| 003 | URS | ||
| 005 | 20230817135559.0 | ||
| 008 | 170113b xxu||||| |||| 00| 0 eng d | ||
| 020 | _a81-7141-554-7 | ||
| 040 |
_aURS _beng _cURS |
||
| 050 | 0 | 0 |
_aGE140 _b.Ab193 2000 |
| 100 | 1 |
_aAbbasi, S.A. _eauthor. |
|
| 245 | 1 | 0 |
_aEnvironmental impact assessment available techniques, emerging trends _cS.A. Abbasi, D.S. Arya. |
| 264 | 1 |
_aNew Delhi : _bDiscovery Publishing House, _c©2000. |
|
| 300 |
_a161 pages : _billustrations ; _c22 cm. |
||
| 336 |
_atext _btxt _2rdacontent |
||
| 337 |
_aunmediated _bn _2rdamedia |
||
| 338 |
_avolume _bnc _2rdacarrier |
||
| 650 | 0 | _aEnvironmental | |
| 650 | _aBiology | ||
| 700 |
_aArya, D.S. _eauthor. |
||
| 942 |
_cFR _2lcc |
||
| 999 |
_c72428 _d72427 |
||